Die größten Städte pro Bundesland - Buchstabe C - Statistiken

Allgemein
  • Dieses Quiz wurde 97 mal gespielt
  • Das Durchschnittsergebnis liegt bei 8 aus 34
Antwortstatistiken
Bundesland Einwohnerzahl Stadt % Korrekt
Sachsen 243.105 Chemnitz
96%
Brandenburg 98.359 Cottbus
90%
Niedersachsen 69.279 Celle
82%
Bayern 40.955 Coburg
73%
Nordrhein-Westfalen 73.078 Castrop-Rauxel
67%
Niedersachsen 36.183 Cloppenburg
52%
Baden-Württemberg 34.862 Crailsheim
51%
Niedersachsen 48.318 Cuxhaven
48%
Baden-Württemberg 23.742 Calw
45%
Bayern 17.029 Cham
45%
Rheinland-Pfalz 5.199 Cochem
45%
Nordrhein-Westfalen 36.382 Coesfeld
40%
Sachsen 18.227 Crimmitschau
22%
Sachsen 20.462 Coswig
21%
Sachsen-Anhalt 11.494 Coswig (Anhalt)
21%
Brandenburg 7.650 Calau
15%
Sachsen-Anhalt 8.179 Calbe (Saale)
7%
Baden-Württemberg 4.605 Creglingen
7%
Rheinland-Pfalz 3.527 Carlsberg
4%
Mecklenburg-Vorpommern 4.770 Crivitz
4%
Bayern 11.298 Cadolzburg
3%
Brandenburg 2.340 Chorin
3%
Hessen 6.508 Cölbe
3%
Hessen 7.503 Calden
1%
Thüringen 1.049 Clingen
1%
Rheinland-Pfalz 5.007 Contwig
1%
Thüringen 1.541 Crossen (Elster)
1%
Thüringen 639 Caaschwitz
0%
Sachsen-Anhalt 3.390 Calvörde
0%
Mecklenburg-Vorpommern 1.259 Carinerland
0%
Mecklenburg-Vorpommern 1.223 Carlow
0%
Schleswig-Holstein 226 Christiansholm
0%
Schleswig-Holstein 71 Christinenthal
0%
Hessen 1.349 Cornberg
0%
Keine übereinstimmenden Quizze gefunden
Verteilung der Resultate
Anzahl Personen mit jedem Resultat
Perzentil nach korrekt beantworteten Fragen
Ihre Resultats-Entwicklung
Sie haben dieses Quiz noch nicht gespielt